|
|
|
|
| LEADER |
00000cab a2200000 a 4500 |
| 001 |
041447 |
| 003 |
UAHC_CL |
| 005 |
20180731170509.0 |
| 008 |
051228b xx j 000 1 spa |
| 952 |
|
|
|0 0
|1 0
|4 0
|6 REV___PSICOL__SOC_03_01_000000000000000
|7 0
|8 General
|9 77778
|a BC
|b BC
|c General
|d 2017-08-03
|l 0
|o REV. PSICOL. SOC.-03/01
|p FICTICIO6888
|r 2019-01-08 00:00:00
|t 1
|w 2017-08-03
|y REVA
|
| 999 |
|
|
|c 41447
|d 41447
|
| 040 |
|
|
|a UAHC_CL
|c UAHC_CL
|d UAHC_CL
|
| 100 |
1 |
|
|a Sánchez, Manuel
|
| 245 |
1 |
0 |
|a Análisis de respuestas abiertas en un cuestionario sobre conductas relacionadas con el SIDA /
|c Manuel Sánchez, Alicia Muñoz.
|
| 500 |
|
|
|a Revista de Psicología Social (España) 2001, vol 16 (3). p. 261-273
|
| 520 |
|
|
|a El objetivo de este trabajo es, por un lado, analizar y describir las respuestas que 402 alumnas de la Universidad de Huelva dan a una pregunta abierta -a través de análisis de textos- y, por otro, ver en que medida estas respuestas se relacionan -por el método de las especificidades- con algunas características de los sujetos. Dichas características fueron determinadas a partir de sus respuestas en un cuestionario creado para medir conocimientos, actitudes, norma social percibida y control conductual percibido respecto a una conducta da prevención del SIDA: uso del condón. Los resultados del análisis de textos muestran como los sujetos justifican el no uso del condón en base a la estabilidad de sus relaciones sentimentales; además, los autores descubren que el cuestionario tiene efectos no previstos inicialmente por los investigadores sobre los sujetos estudiados: aporta nuevos conocimientos a los alumnos y les lleva a reflexionar sobre -e intentar cambiar- sus conductas de riesgo respecto del SIDA, entre otras consideraciones.
|
| 700 |
1 |
|
|a Muñoz, Alicia
|
| 700 |
1 |
|
|a Muñoz, Alicia
|
| 773 |
0 |
|
|t Revista de sociología
|w 041937
|
| 900 |
|
|
|a REV. PSICOL. SOC.-03/01
|
| 942 |
|
|
|c REVA
|2 ddc
|